"Off to the Races" - All Lyrics (Lana Del Rey) - Statistics

General Stats
  • This quiz has been taken 51 times
  • The average score is 437 of 590
Answer Stats
Answers % Correct
a
100%
And
100%
and
100%
I
100%
the
100%
to
100%
To
100%
of
97%
he
95%
He
95%
I'm
95%
is
95%
man
95%
man"
95%
me,
95%
me
95%
My
95%
my
95%
off
95%
races,
95%
Be
92%
but
92%
But
92%
heart
92%
way
92%
way?
92%
bad
90%
do
90%
his
90%
in
90%
In
90%
Love
90%
love
90%
what
90%
baby,
87%
baby
87%
life,
87%
life
87%
old
87%
can
85%
can't
85%
every
85%
hand
85%
holds
85%
when
85%
with
85%
Yo,
85%
You
85%
you
85%
you,
85%
your
85%
by
82%
good
82%
loves
82%
on
82%
on,
82%
want
82%
all
79%
Chasing
79%
deny
79%
fire
79%
have
79%
it
79%
Light
79%
Who
79%
Cause
77%
cocaine
77%
doesn't
77%
for
77%
grabs
77%
has
77%
like
77%
loins
77%
over
77%
red
77%
say
77%
so
77%
town
77%
about
74%
at
74%
crazy,
74%
Las
74%
need
74%
pool
74%
pool,
74%
Swimming
74%
swimming
74%
Watch
74%
watch
74%
Black
72%
black
72%
gold
72%
knows
72%
mind
72%
them
72%
was
72%
coins,
69%
coins
69%
come
69%
him
69%
LA
69%
little
69%
past
69%
save
69%
says
69%
Says
69%
scarlet
69%
Vegas
69%
Vegas,
69%
as
67%
As
67%
bikini
67%
here
67%
nail
67%
polish
67%
put
67%
that
67%
White
67%
beat
64%
Because
64%
inch
64%
Kiss
64%
Ready
64%
ready,
64%
soul
64%
Bacardi,
62%
darling
62%
get
62%
Gimme
62%
gimme
62%
mouth
62%
not
62%
open
62%
tough
62%
yeah
62%
crass
59%
fact,
59%
glimmering
59%
got
59%
Island,
59%
Island
59%
tell
59%
Tell
59%
bathroom,
56%
glass
56%
Glass
56%
heaven
56%
makeup
56%
room,
56%
sorry
56%
Sorry
56%
wasted
56%
wasted,
56%
chasers
54%
down
54%
Down,
54%
dress,
54%
feels
54%
it's
54%
may,
54%
may
54%
out
54%
starlet,
54%
tar
54%
time
54%
won't
54%
blood
51%
blue
51%
die
51%
forever,
51%
I'd
51%
Likes
51%
roll
51%
see
51%
sipping
51%
stone
51%
sweet
51%
this
51%
up
51%
we're
51%
breathe
49%
Cases
49%
Chateau
49%
Coney
49%
face
49%
Facing
49%
gonna
49%
might
49%
one
49%
putting
49%
rolling
49%
thinks
49%
true
49%
am
46%
are
46%
bout
46%
else
46%
garden
46%
God,
46%
going
46%
harlot,
46%
jam
46%
leave
46%
Lord
46%
never
46%
Queen
46%
Rikers
46%
shows
46%
thief
46%
us
46%
Admires
44%
Cristal,
44%
end
44%
flat,
44%
fumes
44%
lips
44%
Singing
44%
stay
44%
They
44%
trust
44%
without
44%
again
41%
bright
41%
decision
41%
Keep
41%
lilac
41%
misbehaving
41%
said,
41%
Slipping
41%
til
41%
would
41%
You're
41%
you're
41%
afraid
38%
basement
38%
day
38%
falling
38%
from
38%
if
38%
Marmont,
38%
now,
38%
now
38%
perfume,
38%
pray
38%
ripples
38%
sitting
38%
Take
38%
Cognac,
36%
Laces,
36%
maybe
36%
own
36%
Places,
36%
broke-down
33%
chain
33%
waist
33%
alone
31%
beautiful
31%
Boy,
31%
leather
31%
rue
31%
shameless
31%
cigar
28%
hanging
28%
hell
28%
looked
28%
lying
28%
Oasis
28%
Tight
28%
Cipriani's
26%
"Hon,
26%
set,
26%
spin
26%
Casino
23%
Raising
23%
gate
21%
Honey,
18%
chaos,
13%
No matching quizzes found
Score Distribution
Percent of People with Each Score
Percentile by Number Answered
Your Score History
You have not taken this quiz